000 00433nam a2200157Ia 4500
008 240729s9999 xx 000 0 und d
022 _a2709-555X
245 0 _aObiter
260 _aSouth Africa
260 _bNelson Mandela University
650 _a Asia and Eurasia, Africa, Pacific Area, and Antarctica
650 _aLaw
856 _uhttps://doaj.org/toc/3ea8beccfba9428a818ff4be74d6df1b
942 _2ddc
942 _cDOAJEJ
999 _c72818
_d72818
945 _a1
_bMadushi Gamage
_c1
_dMadushi Gamage